[Event "Copenhagen Obro"]
[Site "Copenhagen"]
[Date "2022.09.10"]
[Round "2"]
[White "Pedersen, Nicolai Kvist Brond"]
[Black "Kistrup, Nicolai"]
[Result "0-1"]
[WhiteElo "2254"]
[BlackElo "2237"]
[PlyCount "108"]
[EventDate "2022.09.09"]
[EventType "tourn"]
[EventRounds "5"]
[EventCountry "DEN"]
[SourceTitle "EXT 2024"]
[Source "ChessBase"]
[SourceDate "2023.10.10"]
[SourceVersion "1"]
[SourceVersionDate "2023.10.10"]
[SourceQuality "1"]

1. d4 Nf6 2. c4 e6 3. Nf3 d5 4. g3 dxc4 5. Bg2 a6 6. Ne5 Bb4+ 7. Nc3 Nd5 8. 0-0 Nxc3 9. bxc3 Bxc3 10. Rb1 Qxd4 11. Qa4+ b5 12. Rxb5 axb5 13. Qxa8 Qxe5 14. Bf4 Qc5 15. Be3 Bd4 16. Qxb8 0-0 17. Bxd4 Qxd4 18. Qxb5 c3 19. Qb3 Qd2 20. Rd1 Qxe2 21. Bf1 Qe4 22. Bg2 Qe2 23. Bf1 Qh5 24. Rc1 Rd8 25. Qxc3 Bb7 26. Qxc7 Qd5 27. f3 Qd4+ 28. Kg2 Qd2+ 29. Kh3 Qh6+ 30. Kg2 Qd2+ 31. Kh3 Bxf3 32. Qf4 Qd5 33. g4 h5 34. gxh5 Qxh5+ 35. Kg3 Ba8 36. Rc7 Qg6+ 37. Qg4 Qb1 38. Qf4 Qe1+ 39. Kh3 Rf8 40. Bg2 Bxg2+ 41. Kxg2 Qe2+ 42. Qf2 Qg4+ 43. Kf1 Qe4 44. h4 Qh1+ 45. Ke2 Qd5 46. Ra7 e5 47. Qf3 Qc4+ 48. Qd3 Qxh4 49. Qa3 Rd8 50. Qe3 Rd4 51. Ra8+ Kh7 52. Qf3 Qh2+ 53. Ke1 Qd2+ 54. Kf1 Rf4 0-1

[Event "Copenhagen Obro"]
[Site "Copenhagen"]
[Date "2022.09.09"]
[Round "1"]
[White "Jacobsen, Mikkel Manosri"]
[Black "Pedersen, Nicolai Kvist Brond"]
[Result "1-0"]
[WhiteElo "2264"]
[BlackElo "2254"]
[PlyCount "133"]
[EventDate "2022.09.09"]
[EventType "tourn"]
[EventRounds "5"]
[EventCountry "DEN"]
[SourceTitle "EXT 2024"]
[Source "ChessBase"]
[SourceDate "2023.10.10"]
[SourceVersion "1"]
[SourceVersionDate "2023.10.10"]
[SourceQuality "1"]

1. d4 d5 2. Nf3 Nf6 3. Bf4 c5 4. e3 Nc6 5. Nbd2 cxd4 6. exd4 a6 7. c3 Bf5 8. Be2 e6 9. Nh4 Be4 10. Nxe4 Nxe4 11. Nf3 Bd6 12. Bxd6 Nxd6 13. Bd3 0-0 14. Qc2 h6 15. 0-0 b5 16. Rfe1 Qb6 17. a3 Rfc8 18. Qe2 Rab8 19. h4 a5 20. Ne5 Nxe5 21. dxe5 Ne8 22. Qg4 Rd8 23. Rad1 b4 24. cxb4 axb4 25. a4 b3 26. Bb5 Nc7 27. Re3 Nxb5 28. axb5 Qc7 29. Qb4 d4 30. Rxd4 Qc1+ 31. Kh2 Qxb2 32. Rf4 Rd5 33. Qe7 Rf8 34. b6 Qd2 35. b7 Rdd8 36. Rg4 Qxf2 37. Reg3 b2 38. Rxg7+ Kh8 39. Qb4 Qd4 40. Qxd4 Rxd4 41. Rg8+ Rxg8 42. Rxg8+ Kxg8 43. b8Q+ Kg7 44. Qxb2 Rxh4+ 45. Kg1 Rh5 46. Kf2 Rf5+ 47. Ke3 h5 48. Kd4 Kg6 49. Qb8 Kg7 50. Qd8 Kh7 51. Qc7 Kg6 52. Qd8 Kg7 53. Qe7 Kg8 54. Qc7 Kg7 55. Kc5 Rg5 56. Kd6 Rxg2 57. Ke7 Rf2 58. Qb8 h4 59. Qb4 Rf5 60. Qg4+ Kh6 61. Kf8 h3 62. Qxh3+ Kg5 63. Qg3+ Kh5 64. Qg7 Kh4 65. Ke7 Kh3 66. Qxf7 Rxe5 67. Qf3+ 1-0

[Event "Copenhagen CC IM"]
[Site "Ballerup"]
[Date "2020.07.24"]
[Round "5"]
[White "Pedersen, Nicolai Kvist Brond"]
[Black "Heimisson, Hilmir Freyr"]
[Result "0-1"]
[WhiteElo "2223"]
[BlackElo "2309"]
[PlyCount "118"]
[EventDate "2020.07.22"]
[EventType "tourn"]
[EventRounds "9"]
[EventCountry "DEN"]
[EventCategory "2"]
[SourceTitle "CBM 197 Extra"]
[Source "ChessBase"]
[SourceDate "2020.09.30"]
[SourceVersion "1"]
[SourceVersionDate "2020.09.30"]
[SourceQuality "1"]

1. d4 e6 2. c4 b6 3. Nc3 Bb4 4. Qc2 Bb7 5. a3 Bxc3+ 6. Qxc3 Nf6 7. Nf3 d6 8. e3 Nbd7 9. Be2 Qe7 10. b3 Ne4 11. Qc2 Ng5 12. Qd1 Nxf3+ 13. Bxf3 Bxf3 14. Qxf3 0-0 15. Bb2 a5 16. a4 Rfd8 17. 0-0 Rac8 18. Rfd1 Qf6 19. Qxf6 Nxf6 20. Rac1 Kf8 21. Kf1 Ke7 22. Ke2 g5 23. h3 h5 24. Rc2 Rb8 25. Rcc1 Nd7 26. Ba3 f6 27. c5 b5 28. cxd6+ cxd6 29. Rc6 b4 30. Bb2 Nb6 31. Rdc1 Rb7 32. Rc7+ Rxc7 33. Rxc7+ Rd7 34. Rxd7+ Kxd7 35. g4 h4 36. Bc1 Ke7 37. Kd3 f5 38. f3 Kf6 39. Bd2 d5 40. Be1 Nd7 41. Bf2 e5 42. gxf5 Kxf5 43. e4+ Kf4 44. Ke2 dxe4 45. fxe4 exd4 46. Bxd4 Kxe4 47. Be3 g4 48. hxg4 h3 49. Bg1 Nc5 50. g5 Kf5 51. Kf3 Nxb3 52. Be3 Na1 53. Kg3 Nc2 54. Bc1 Ne1 55. Kxh3 Nd3 56. Kh4 Nxc1 57. Kh5 Ne2 58. g6 Nf4+ 59. Kh6 Nxg6 0-1

[Event "Copenhagen CC IM"]
[Site "Ballerup"]
[Date "2020.07.23"]
[Round "3"]
[White "Pedersen, Nicolai Kvist Brond"]
[Black "Vinter Schou, Uffe"]
[Result "1-0"]
[WhiteElo "2223"]
[BlackElo "2349"]
[PlyCount "83"]
[EventDate "2020.07.22"]
[EventType "tourn"]
[EventRounds "9"]
[EventCountry "DEN"]
[EventCategory "2"]
[SourceTitle "CBM 197 Extra"]
[Source "ChessBase"]
[SourceDate "2020.09.30"]
[SourceVersion "1"]
[SourceVersionDate "2020.09.30"]
[SourceQuality "1"]

1. d4 Nf6 2. c4 e6 3. Nc3 Bb4 4. e3 c5 5. Bd3 cxd4 6. exd4 d5 7. Nge2 dxc4 8. Bxc4 0-0 9. 0-0 Nc6 10. Qd3 Na5 11. Bb5 Bd7 12. Bg5 Be7 13. Rfd1 Bxb5 14. Qxb5 a6 15. Qd3 Rc8 16. Qf3 Qb6 17. d5 exd5 18. Bxf6 Bxf6 19. Nxd5 Qxb2 20. Rab1 Qe5 21. Nef4 Rfe8 22. Nh5 Bg5 23. Qg4 g6 24. f4 gxh5 25. Qxc8 Rxc8 26. fxe5 Kg7 27. Rb2 Nc4 28. Rxb7 Nxe5 29. Nc7 Be3+ 30. Kf1 Kg6 31. Nd5 Bg5 32. Ne7+ Bxe7 33. Rxe7 f6 34. Re6 a5 35. Rd2 Rc1+ 36. Ke2 Nc4 37. Rc6 Rc3 38. Rd4 Re3+ 39. Kf2 Ne5 40. Rxf6+ Kxf6 41. Kxe3 Ng4+ 42. Kf4 1-0

[Event "Copenhagen CC IM"]
[Site "Ballerup"]
[Date "2020.07.22"]
[Round "1"]
[White "Ingebretsen, Jens E"]
[Black "Pedersen, Nicolai Kvist Brond"]
[Result "1/2-1/2"]
[WhiteElo "2182"]
[BlackElo "2223"]
[PlyCount "134"]
[EventDate "2020.07.22"]
[EventType "tourn"]
[EventRounds "9"]
[EventCountry "DEN"]
[EventCategory "2"]
[SourceTitle "CBM 197 Extra"]
[Source "ChessBase"]
[SourceDate "2020.09.30"]
[SourceVersion "1"]
[SourceVersionDate "2020.09.30"]
[SourceQuality "1"]

1. e4 c5 2. Nf3 e6 3. d4 cxd4 4. Nxd4 Nc6 5. Nb5 d6 6. c4 Nf6 7. N1c3 a6 8. Na3 Be7 9. Be3 0-0 10. Be2 b6 11. 0-0 Bb7 12. Qb3 Nd7 13. Rfd1 Qc7 14. Rac1 Nc5 15. Qc2 Bf6 16. Nab1 Rac8 17. f3 Rfd8 18. Bf1 Qe7 19. Qf2 Bg5 20. f4 Bf6 21. g3 g5 22. Bg2 gxf4 23. gxf4 Kh8 24. Rd2 Rg8 25. Rcd1 Rcd8 26. Kh1 Ba8 27. Bf3 Bh4 28. Qe2 Bf6 29. Bg1 Bg7 30. Qf1 Qh4 31. Be3 Bh6 32. Qe1 Qxe1+ 33. Rxe1 Nb4 34. Red1 e5 35. a3 Nc6 36. Rxd6 Rxd6 37. Rxd6 Bxf4 38. Bf2 Rg6 39. Rxg6 hxg6 40. Nd5 Nd3 41. Bxb6 Nxb2 42. Be2 Nd4 43. Bf1 Bg5 44. Nbc3 f5 45. Bc7 Nc6 46. Nb6 Bb7 47. Nd7 Bd8 48. Bd6 fxe4 49. Nc5 Bc8 50. N5xe4 Be6 51. Nd5 Na4 52. Nb4 Na5 53. Bxe5+ Kg8 54. c5 Bf5 55. Nd6 Nxc5 56. Nxf5 gxf5 57. Nxa6 Nxa6 58. Bxa6 Kf7 59. Bc3 Ke6 60. Bc8+ Kd5 61. Bxa5 Bxa5 62. Bxf5 Ke5 63. Bd7 Kf6 64. Kg2 Kg7 65. h4 Kh8 66. Kf3 Bd8 67. h5 Ba5 1/2-1/2

[Event "DEN-chT 1920 58th"]
[Site "Denmark"]
[Date "2020.01.11"]
[Round "4.8"]
[White "Pedersen, Nicolai Kvist Brond"]
[Black "Hagen, Kresten Skytte"]
[Result "1-0"]
[WhiteElo "2244"]
[BlackElo "2167"]
[PlyCount "61"]
[EventDate "2019.11.23"]
[EventType "team-tourn"]
[EventRounds "9"]
[EventCountry "DEN"]
[SourceTitle "EXT 2022"]
[Source "ChessBase"]
[SourceDate "2021.10.06"]
[SourceVersion "1"]
[SourceVersionDate "2021.10.06"]
[SourceQuality "1"]
[WhiteTeam "Skanderborg Nordea"]
[BlackTeam "Aarhus/Skolerne"]
[WhiteTeamCountry "DEN"]
[BlackTeamCountry "DEN"]

1. d4 Nf6 2. Nf3 e6 3. c4 c5 4. e3 a6 5. Nc3 Qc7 6. Be2 d6 7. 0-0 Nbd7 8. b3 b6 9. Bb2 Bb7 10. Qc2 Be7 11. Rad1 0-0 12. Rfe1 Rac8 13. d5 e5 14. Nd2 Ne8 15. f4 exf4 16. exf4 Bf6 17. Nf3 g6 18. Bd3 Bg7 19. Ne4 Nef6 20. Neg5 Rce8 21. f5 h6 22. fxg6 Rxe1+ 23. Rxe1 hxg5 24. gxf7+ Rxf7 25. Nxg5 Nf8 26. Nxf7 Qxf7 27. Bf5 Kh8 28. Qe2 N6d7 29. Bxd7 Qxd7 30. Qh5+ Kg8 31. Qg5 1-0

[Event "Skanderborg Smuk-B"]
[Site "Skanderborg"]
[Date "2019.08.23"]
[Round "1"]
[White "Rossen, Claus"]
[Black "Pedersen, Nicolai Kvist Brond"]
[Result "0-1"]
[WhiteElo "2168"]
[BlackElo "2245"]
[PlyCount "118"]
[EventDate "2019.08.23"]
[EventType "tourn"]
[EventRounds "5"]
[EventCountry "DEN"]
[SourceTitle "EXT 2021"]
[Source "ChessBase"]
[SourceDate "2020.10.23"]
[SourceVersion "1"]
[SourceVersionDate "2020.10.23"]
[SourceQuality "1"]

1. e4 c6 2. c4 d5 3. cxd5 cxd5 4. exd5 Nf6 5. Nc3 Nxd5 6. Bc4 e6 7. Qf3 Nxc3 8. Qxc3 Nd7 9. Nf3 Nf6 10. Ne5 Bd6 11. d4 0-0 12. 0-0 Qc7 13. Bd3 Qxc3 14. bxc3 b6 15. Bg5 h6 16. Bxf6 gxf6 17. Be4 fxe5 18. Bxa8 Ba6 19. Bf3 Bxf1 20. Kxf1 Rc8 21. Re1 Rxc3 22. dxe5 Bb4 23. Re4 a5 24. Bd1 Rc1 25. Ke2 Ra1 26. Bb3 Rb1 27. Kd3 Bc5 28. Re2 Rf1 29. f3 Bg1 30. h3 b5 31. a4 bxa4 32. Bxa4 Ra1 33. Bb3 Ra3 34. Kc4 Bh2 35. g3 a4 36. Bd1 Ra1 37. Bc2 Bg1 38. Rd2 Kg7 39. Rd1 Ra2 40. Bxa4 Rxa4+ 41. Kb3 Rd4 42. Rxg1 Rd3+ 43. Kc4 Rxf3 44. Kd4 Kg6 45. Ke4 Ra3 46. Kf4 h5 47. Rf1 Ra2 48. h4 Ra4+ 49. Ke3 Ra5 50. Rf6+ Kg7 51. Ke4 Ra4+ 52. Ke3 Ra3+ 53. Kf4 Rb3 54. Kg5 Rxg3+ 55. Kxh5 Re3 56. Rf1 Rxe5+ 57. Kg4 Kg6 58. Rg1 Ra5 59. Kh3+ Kh5 0-1

[Event "Lund CellaVision Cup"]
[Site "Lund"]
[Date "2019.08.04"]
[Round "7"]
[White "Pedersen, Nicolai Kvist Brond"]
[Black "Smith, Axel"]
[Result "0-1"]
[WhiteElo "2245"]
[BlackElo "2463"]
[PlyCount "110"]
[EventDate "2019.08.02"]
[EventType "swiss"]
[EventRounds "8"]
[EventCountry "SWE"]
[SourceTitle "CBM 191 Extra"]
[Source "ChessBase"]
[SourceDate "2019.09.30"]
[SourceVersion "1"]
[SourceVersionDate "2019.09.30"]
[SourceQuality "1"]

1. d4 Nf6 2. c4 a6 3. Nc3 c5 4. Nf3 e6 5. Bg5 cxd4 6. Nxd4 Be7 7. e3 b6 8. Be2 Bb7 9. 0-0 0-0 10. Rc1 Qc7 11. Bf3 Nc6 12. Nxc6 dxc6 13. Qc2 Ng4 14. Bf4 Ne5 15. Bxe5 Qxe5 16. Rfd1 Qc7 17. Na4 c5 18. Bxb7 Qxb7 19. Qb3 Qc6 20. Rd2 Rab8 21. Qc2 g6 22. b3 Rfd8 23. Rcd1 Rxd2 24. Rxd2 b5 25. Nb2 Bf6 26. Nd3 Rd8 27. Nb2 Rxd2 28. Qxd2 Bxb2 29. Qxb2 Qe4 30. Qc1 bxc4 31. bxc4 h5 32. g3 Qd3 33. h4 a5 34. a3 a4 35. Kg2 Kh7 36. Kg1 e5 37. Kg2 Kg8 38. Kg1 Kg7 39. Kg2 Kh6 40. Kg1 Kg7 41. Kg2 Kf6 42. Kg1 Kf5 43. Kh2 Qe2 44. Kg2 Kg4 45. Kg1 Kf3 46. Qf1 Qxf1+ 47. Kxf1 f6 48. Ke1 g5 49. Kf1 gxh4 50. gxh4 e4 51. Ke1 Kg4 52. Ke2 Kxh4 53. f3 f5 54. Kf2 Kh3 55. fxe4 fxe4 0-1

[Event "Aarhus Chess House IM"]
[Site "Aarhus"]
[Date "2019.07.04"]
[Round "7"]
[White "Pedersen, Nicolai Kvist Brond"]
[Black "Koellner, Ruben Gideon"]
[Result "0-1"]
[WhiteElo "2325"]
[BlackElo "2299"]
[PlyCount "146"]
[EventDate "2019.06.30"]
[EventType "tourn"]
[EventRounds "9"]
[EventCountry "DEN"]
[EventCategory "2"]
[SourceTitle "CBM 191 Extra"]
[Source "ChessBase"]
[SourceDate "2019.09.30"]
[SourceVersion "1"]
[SourceVersionDate "2019.09.30"]
[SourceQuality "1"]

1. Nf3 Nf6 2. d4 d5 3. c4 e6 4. g3 Bb4+ 5. Nbd2 0-0 6. Bg2 b6 7. 0-0 Bb7 8. Ne5 Nbd7 9. Qa4 Bd6 10. Nxd7 Qxd7 11. Qxd7 Nxd7 12. cxd5 exd5 13. Nc4 Be7 14. Bf4 Bf6 15. Rfd1 Rfe8 16. Bf3 g6 17. Bxc7 Rec8 18. Nd6 Rxc7 19. Nxb7 Be7 20. Bxd5 Nf6 21. Bf3 Rb8 22. Rac1 Rd7 23. d5 Rdxb7 24. d6 Bd8 25. Bxb7 Rxb7 26. Rd4 Rd7 27. e4 Ng4 28. f4 b5 29. Kg2 Bb6 30. Rd3 Nf2 31. Rd5 Nxe4 32. Rc6 b4 33. Kf3 f5 34. h3 h5 35. Rb5 Kf7 36. g4 hxg4+ 37. hxg4 Nxd6 38. Rd5 Ke7 39. g5 Bc7 40. Re5+ Kf7 41. Rd5 Ke7 42. a3 bxa3 43. bxa3 Kd8 44. Re5 Ne4 45. Ree6 Rd3+ 46. Ke2 Rxa3 47. Rxg6 Bxf4 48. Ra6 Re3+ 49. Kf1 Rf3+ 50. Ke1 Re3+ 51. Kd1 Rd3+ 52. Kc2 Rd2+ 53. Kb1 Nc3+ 54. Ka1 Be5 55. Rge6 Bd4 56. Rec6 Ne2+ 57. Kb1 Rb2+ 58. Ka1 Rb5+ 59. Ka2 Nc3+ 60. Ka3 Bc5+ 61. Rxc5 Rxc5 62. g6 Ke8 63. Kb3 Kf8 64. Rxa7 Ne4 65. Kb4 Kg8 66. Rf7 Re5 67. Kb3 Nd6 68. Rf6 Rd5 69. Re6 Kg7 70. Kc3 f4 71. Kc2 f3 72. Re3 f2 73. Rf3 Rf5 0-1

[Event "Aarhus Chess House IM"]
[Site "Aarhus"]
[Date "2019.07.02"]
[Round "4"]
[White "Svane, Frederik"]
[Black "Pedersen, Nicolai Kvist Brond"]
[Result "1-0"]
[WhiteElo "2342"]
[BlackElo "2325"]
[PlyCount "95"]
[EventDate "2019.06.30"]
[EventType "tourn"]
[EventRounds "9"]
[EventCountry "DEN"]
[EventCategory "2"]
[SourceTitle "CBM 191 Extra"]
[Source "ChessBase"]
[SourceDate "2019.09.30"]
[SourceVersion "1"]
[SourceVersionDate "2019.09.30"]
[SourceQuality "1"]

1. e4 c5 2. Nf3 e6 3. c3 d5 4. exd5 Qxd5 5. d4 Nf6 6. Be2 cxd4 7. cxd4 Be7 8. Nc3 Qd8 9. 0-0 0-0 10. Bf4 Nc6 11. Rc1 Nb4 12. Ne5 Nbd5 13. Bg3 Bd7 14. Qb3 Nxc3 15. bxc3 Bc6 16. Nxc6 bxc6 17. Bf3 Qd7 18. Qa4 Rac8 19. Rb1 Bd6 20. Bxd6 Qxd6 21. Qxa7 Ra8 22. Qb6 Nd5 23. Qb2 Ra4 24. Bd1 Ra5 25. a4 c5 26. Qa3 Qf4 27. c4 Nf6 28. dxc5 Qxc4 29. Rc1 Qa6 30. Bb3 Rc8 31. Rc2 g6 32. Rfc1 Rc6 33. Bc4 Qa7 34. Qf3 Nd5 35. Bb5 Rc8 36. h4 Nc7 37. Bc6 Nd5 38. Bb5 Nc7 39. Qc6 Rb8 40. Qd6 Nxb5 41. axb5 Raxb5 42. c6 Rd5 43. Qf4 Rc8 44. c7 Qb7 45. Qf6 h5 46. Rb2 Qa7 47. Rb8 Qa6 48. Ra1 1-0

[Event "Fredericia"]
[Site "Fredericia"]
[Date "2019.06.01"]
[Round "6"]
[White "Pedersen, Nicolai Kvist Brond"]
[Black "Easwaralingam, Adesh"]
[Result "0-1"]
[WhiteElo "2325"]
[BlackElo "2123"]
[PlyCount "102"]
[EventDate "2019.05.29"]
[EventType "tourn"]
[EventRounds "9"]
[EventCountry "DEN"]
[EventCategory "4"]
[SourceTitle "CBM 190 Extra"]
[Source "ChessBase"]
[SourceDate "2019.07.15"]
[SourceVersion "1"]
[SourceVersionDate "2019.07.15"]
[SourceQuality "1"]

1. d4 Nf6 2. Nf3 e6 3. c4 Bb4+ 4. Nbd2 b6 5. a3 Bxd2+ 6. Qxd2 Ba6 7. e3 d5 8. b3 Nbd7 9. Bd3 dxc4 10. bxc4 Bb7 11. Qe2 c5 12. 0-0 0-0 13. Bb2 cxd4 14. exd4 Re8 15. Rfd1 Nf8 16. Ne5 Ng6 17. Nxg6 hxg6 18. a4 Qc7 19. a5 bxa5 20. Qe5 Qc6 21. f3 a4 22. Bc3 Nd5 23. Bb2 Nf6 24. Rdb1 Nd7 25. Qa5 e5 26. dxe5 Qb6+ 27. Qxb6 axb6 28. f4 Nc5 29. Bc2 Red8 30. Bc3 Be4 31. Bxe4 Nxe4 32. Be1 Ra6 33. Ra3 Rd4 34. Rb4 Nc5 35. Kf1 Rxf4+ 36. Ke2 Re4+ 37. Kd1 Rxe5 38. Bf2 Ra8 39. Bxc5 bxc5 40. Rbxa4 Rd8+ 41. Kc2 Re2+ 42. Kc3 Rxg2 43. Ra8 Rf8 44. Ra2 Rg5 45. Kd3 Re5 46. R2a6 g5 47. R8a7 Rd8+ 48. Kc2 Re2+ 49. Kb3 Rd3+ 50. Ka4 Rb2 51. Ra5 Rb4# 0-1

[Event "Fredericia"]
[Site "Fredericia"]
[Date "2019.06.01"]
[Round "7"]
[White "Sorensen, Hampus"]
[Black "Pedersen, Nicolai Kvist Brond"]
[Result "1-0"]
[WhiteElo "2343"]
[BlackElo "2325"]
[PlyCount "153"]
[EventDate "2019.05.29"]
[EventType "tourn"]
[EventRounds "9"]
[EventCountry "DEN"]
[EventCategory "4"]
[SourceTitle "CBM 190 Extra"]
[Source "ChessBase"]
[SourceDate "2019.07.15"]
[SourceVersion "1"]
[SourceVersionDate "2019.07.15"]
[SourceQuality "1"]

1. d4 d5 2. c4 c6 3. Nf3 Nf6 4. Nc3 e6 5. e3 a6 6. Bd3 dxc4 7. Bxc4 b5 8. Be2 c5 9. 0-0 Bb7 10. dxc5 Qxd1 11. Rxd1 Bxc5 12. Nd2 Nbd7 13. Nb3 Rd8 14. Nxc5 Nxc5 15. f3 Ke7 16. e4 b4 17. Rxd8 Rxd8 18. Nd1 Rc8 19. Be3 Nfd7 20. Rc1 Na4 21. Rxc8 Bxc8 22. Bd2 a5 23. a3 Kd6 24. axb4 axb4 25. Bxb4+ Kc6 26. Kf2 Ndc5 27. Ke3 e5 28. Nc3 Nxc3 29. Bxc3 f6 30. Bb4 Be6 31. Ba3 g6 32. Bf1 Ba2 33. g3 Be6 34. Bb4 Kb6 35. Be2 Bb3 36. Kd2 Be6 37. Kc3 Na4+ 38. Kc2 Nc5 39. Bd2 Nb3 40. Be3+ Kc6 41. Kc3 Nc5 42. Kb4 Nb7 43. Bb5+ Kd6 44. Ba7 Kc7 45. Bc5 Kd8 46. Bc6 Kc7 47. Bxb7 Kxb7 48. Be7 f5 49. Kc5 Bb3 50. Kd6 fxe4 51. fxe4 Kc8 52. Kxe5 Kd7 53. Kf6 Bc2 54. e5 Bd3 55. e6+ Ke8 56. Bc5 Bc4 57. Ke5 Bb3 58. Kd6 Kd8 59. Bb6+ Ke8 60. Be3 Kd8 61. Bg5+ Ke8 62. Bf6 Bc2 63. b4 Ba4 64. Bd4 g5 65. e7 g4 66. Bc5 Bb5 67. Kc7 Bd3 68. Kc6 Be4+ 69. Kb6 Kd7 70. b5 Bd3 71. Ba3 Be2 72. Bd6 Bf1 73. Kc5 Bg2 74. Kd4 Ke8 75. Ke5 Kf7 76. Ba3 Ke8 77. Bd6 1-0

[Event "Fredericia"]
[Site "Fredericia"]
[Date "2019.05.30"]
[Round "2"]
[White "Vasli, Aref"]
[Black "Pedersen, Nicolai Kvist Brond"]
[Result "1/2-1/2"]
[WhiteElo "2346"]
[BlackElo "2325"]
[PlyCount "62"]
[EventDate "2019.05.29"]
[EventType "tourn"]
[EventRounds "9"]
[EventCountry "DEN"]
[EventCategory "4"]
[SourceTitle "CBM 190 Extra"]
[Source "ChessBase"]
[SourceDate "2019.07.15"]
[SourceVersion "1"]
[SourceVersionDate "2019.07.15"]
[SourceQuality "1"]

1. e4 c5 2. Nf3 e6 3. d4 cxd4 4. Nxd4 Nc6 5. Nc3 Qc7 6. g3 a6 7. Bg2 d6 8. 0-0 Bd7 9. Re1 Nxd4 10. Qxd4 Nf6 11. a4 Be7 12. Be3 0-0 13. h3 Bc6 14. a5 Nd7 15. Qc4 Rac8 16. Qe2 Bf6 17. Red1 Nc5 18. Qc4 Nd7 19. Qb4 Be7 20. Na4 Bxa4 21. Qxa4 Ne5 22. c3 Nc4 23. Bc1 Bd8 24. Qb4 Nxa5 25. Qxd6 Qxd6 26. Rxd6 Nb3 27. Rb1 Bc7 28. Rd1 Nxc1 29. Rbxc1 Rcd8 30. Kf1 Rxd1+ 31. Rxd1 Rd8 1/2-1/2

[Event "DEN-ch cand"]
[Site "Svendborg"]
[Date "2019.04.17"]
[Round "2"]
[White "Nordenbaek, Jan"]
[Black "Pedersen, Nicolai Kvist Brond"]
[Result "0-1"]
[WhiteElo "2214"]
[BlackElo "2307"]
[PlyCount "82"]
[EventDate "2019.04.16"]
[EventType "swiss"]
[EventRounds "7"]
[EventCountry "DEN"]
[SourceTitle "EXT 2020"]
[Source "ChessBase"]
[SourceDate "2019.10.17"]
[SourceVersion "1"]
[SourceVersionDate "2019.10.17"]
[SourceQuality "1"]

1. e4 c5 2. Nf3 e6 3. Nc3 Nc6 4. d4 cxd4 5. Nxd4 Qc7 6. Be3 a6 7. Be2 Nf6 8. 0-0 Be7 9. Na4 0-0 10. Nxc6 bxc6 11. Nb6 Rb8 12. Nxc8 Rfxc8 13. Bxa6 Rd8 14. Bd3 Rxb2 15. e5 Nd5 16. Bd4 Rbb8 17. c4 Nf4 18. Bc2 d6 19. Qe1 c5 20. Bc3 Qc6 21. f3 Qa6 22. Qe4 Ng6 23. exd6 Bxd6 24. a4 Be7 25. f4 Bf6 26. Bxf6 gxf6 27. f5 Rd4 28. Qe3 exf5 29. Bxf5 Rb2 30. Qe8+ Kg7 31. Rae1 Qxc4 32. Bxg6 hxg6 33. Qe7 Rf4 34. Rxf4 Qxf4 35. Qe3 Qg4 36. g3 Qh5 37. h4 Qd5 38. Re2 Qd1+ 39. Kf2 Rxe2+ 40. Qxe2 Qxa4 41. g4 Qd4+ 0-1

[Event "DEN-ch cand"]
[Site "Svendborg"]
[Date "2019.04.16"]
[Round "1"]
[White "Pedersen, Nicolai Kvist Brond"]
[Black "Guindy, Esmat Susanne"]
[Result "1-0"]
[WhiteElo "2307"]
[BlackElo "2144"]
[PlyCount "57"]
[EventDate "2019.04.16"]
[EventType "swiss"]
[EventRounds "7"]
[EventCountry "DEN"]
[SourceTitle "EXT 2020"]
[Source "ChessBase"]
[SourceDate "2019.10.17"]
[SourceVersion "1"]
[SourceVersionDate "2019.10.17"]
[SourceQuality "1"]

1. d4 d5 2. c4 e6 3. Nf3 Nf6 4. g3 Be7 5. Bg2 0-0 6. 0-0 c6 7. Qc2 b6 8. Rd1 Bb7 9. Nc3 Nbd7 10. b3 Rc8 11. e4 dxe4 12. Nxe4 Nxe4 13. Qxe4 Nf6 14. Qe2 Qc7 15. Bf4 Bd6 16. Ne5 Qe7 17. Bg5 c5 18. Bxf6 gxf6 19. Bxb7 Qxb7 20. Ng4 f5 21. Nf6+ Kg7 22. dxc5 Bxc5 23. Nd7 Rfd8 24. Qe5+ Kg8 25. Nf6+ Kg7 26. Nh5+ Kf8 27. Qh8+ Ke7 28. Qf6+ Ke8 29. Ng7+ 1-0

[Event "Aarhus-ch"]
[Site "Aarhus"]
[Date "2019.02.17"]
[Round "7"]
[White "Christensen, Tobias"]
[Black "Pedersen, Nicolai Kvist Brond"]
[Result "1/2-1/2"]
[WhiteElo "2351"]
[BlackElo "2269"]
[PlyCount "36"]
[EventDate "2019.02.14"]
[EventType "swiss"]
[EventRounds "7"]
[EventCountry "DEN"]
[SourceTitle "EXT 2021"]
[Source "ChessBase"]
[SourceDate "2020.10.23"]
[SourceVersion "1"]
[SourceVersionDate "2020.10.23"]
[SourceQuality "1"]

1. e4 c5 2. c4 Nc6 3. Nc3 g6 4. g3 Bg7 5. Bg2 e6 6. d3 Nge7 7. Nge2 d6 8. h4 h5 9. Bg5 a6 10. 0-0 Rb8 11. a4 Qc7 12. Rb1 Bd7 13. b3 Qa5 14. Bd2 Nb4 15. Na2 Nec6 16. d4 Qb6 17. Nxb4 Nxb4 18. Be3 Qc7 1/2-1/2

[Event "Copenhagen Challenge"]
[Site "Ballerup"]
[Date "2018.04.29"]
[Round "9"]
[White "Rishovd, Svein"]
[Black "Pedersen, Nicolai Kvist Brond"]
[Result "1/2-1/2"]
[WhiteElo "2110"]
[BlackElo "2179"]
[PlyCount "78"]
[EventDate "2018.04.25"]
[EventType "swiss"]
[EventRounds "9"]
[EventCountry "DEN"]
[SourceTitle "CBM 184 Extra"]
[Source "ChessBase"]
[SourceDate "2018.06.28"]
[SourceVersion "1"]
[SourceVersionDate "2018.06.28"]
[SourceQuality "1"]

1. d4 d5 2. c4 c6 3. Nf3 Nf6 4. g3 dxc4 5. Bg2 b5 6. Ne5 Bb7 7. Nc3 a6 8. 0-0 e6 9. b3 cxb3 10. axb3 Be7 11. Bb2 0-0 12. Qd3 Qb6 13. Rfc1 Nbd7 14. Ne4 Nxe5 15. dxe5 Nxe4 16. Bxe4 g6 17. Bd4 c5 18. Bxb7 Qxb7 19. Bxc5 Rfd8 20. Qe3 Rd5 21. Bxe7 Qxe7 22. f4 Qb4 23. Kf2 a5 24. Qc3 Qxc3 25. Rxc3 a4 26. bxa4 bxa4 27. Raa3 Rd4 28. Ke3 Rb4 29. Rd3 g5 30. Rd4 Rxd4 31. Kxd4 h6 32. Ke4 Kg7 33. e3 Kg6 34. Kf3 Kf5 35. g4+ Kg6 36. h3 h5 37. Kg3 h4+ 38. Kf3 Ra5 39. Ke4 Ra8 1/2-1/2

[Event "Copenhagen Challenge"]
[Site "Ballerup"]
[Date "2018.04.27"]
[Round "5"]
[White "De Blecourt, Sandra"]
[Black "Pedersen, Nicolai Kvist Brond"]
[Result "1-0"]
[WhiteElo "2075"]
[BlackElo "2179"]
[PlyCount "69"]
[EventDate "2018.04.25"]
[EventType "swiss"]
[EventRounds "9"]
[EventCountry "DEN"]
[SourceTitle "CBM 184 Extra"]
[Source "ChessBase"]
[SourceDate "2018.06.28"]
[SourceVersion "1"]
[SourceVersionDate "2018.06.28"]
[SourceQuality "1"]

1. d4 Nf6 2. c4 e6 3. Nc3 Bb4 4. e3 0-0 5. Nge2 c6 6. Bd2 d5 7. cxd5 exd5 8. g3 Bf5 9. Bg2 Re8 10. 0-0 Qe7 11. Re1 Nbd7 12. f3 c5 13. Nf4 Nb6 14. g4 Bxc3 15. Bxc3 Bg6 16. dxc5 Qxc5 17. Qd4 Qxd4 18. Bxd4 Nfd7 19. a4 Ne5 20. Bxb6 axb6 21. Nxd5 Rad8 22. e4 Nd3 23. Red1 Nxb2 24. Rd4 Rc8 25. Bf1 h5 26. h3 hxg4 27. hxg4 f5 28. gxf5 Bh5 29. Kf2 Bf7 30. Rb1 Rc2+ 31. Kg3 Bxd5 32. exd5 Rec8 33. d6 Kf8 34. d7 Rd8 35. Bb5 1-0

[Event "Copenhagen Challenge"]
[Site "Ballerup"]
[Date "2018.04.26"]
[Round "3"]
[White "Pakmor, Claus"]
[Black "Pedersen, Nicolai Kvist Brond"]
[Result "0-1"]
[WhiteElo "2010"]
[BlackElo "2179"]
[PlyCount "48"]
[EventDate "2018.04.25"]
[EventType "swiss"]
[EventRounds "9"]
[EventCountry "DEN"]
[SourceTitle "CBM 184 Extra"]
[Source "ChessBase"]
[SourceDate "2018.06.28"]
[SourceVersion "1"]
[SourceVersionDate "2018.06.28"]
[SourceQuality "1"]

1. e4 c5 2. Nc3 e6 3. g3 Nc6 4. Bg2 g6 5. d3 Bg7 6. Be3 d6 7. f4 Nge7 8. Nf3 Nd4 9. 0-0 0-0 10. Qd2 Rb8 11. Rab1 b5 12. Ne2 Nec6 13. c3 Nxe2+ 14. Qxe2 b4 15. d4 Qa5 16. Qc2 Ba6 17. Rfd1 bxc3 18. Qxc3 Be2 19. Qxa5 Nxa5 20. Rdc1 Bd3 21. Ra1 Bxe4 22. Bd2 Bxf3 23. Bxf3 Bxd4+ 24. Kf1 Rxb2 0-1